| 000 | 00577nam a22002057a 4500 | ||
|---|---|---|---|
| 003 | OSt | ||
| 005 | 20240928153014.0 | ||
| 008 | 140818b xxu||||| |||| 00| 0 eng d | ||
| 020 | _a0723431159 | ||
| 040 | _cDLC | ||
| 082 | _aWH100 H674c 2000 | ||
| 100 |
_aHoffbrand, A. Victor; Pettit, E. John _9913 |
||
| 245 | _aColor Atlas of Clinical Hematology | ||
| 250 | _a3rd ed. | ||
| 260 |
_aLondon; _bMosby, _c2000. |
||
| 300 |
_avi, 346 p. : _bcol.ill; _c30 cm. |
||
| 504 | _aIncludes Bibliographical references and Index. | ||
| 650 |
_aHematology atlas _9914 |
||
| 942 |
_2z _cO_SHELF |
||
| 999 |
_c351 _d351 |
||